| 000 | 00000nam 2200000za 4500 |
| 001 | 9.823758 |
| 003 | CaOODSP |
| 005 | 20250206125413 |
| 007 | cr ||||||||||| |
| 008 | 160709s2013||||oncad|||o f000 0 fre d |
| 020 | |qpapier : |z978-0-660-20553-3 |
| 040 | |aCaOODSP|bfre |
| 043 | |an-cn--- |
| 086 | 1 |aA104-107/1-2013F-PDF|zA104-107/1-2013F |
| 245 | 00|aGuide du producteur secteur d'abeilles domestiques norme nationale de biosécurité à la ferme pour l'industrie apicole |h[ressource électronique]. |
| 246 | 1 |iEn tête du titre : |aBiosécurité animale |
| 260 | |aOttawa : |bAgence canadienne d'inspection des aliments, |cc2013. |
| 300 | |a172 p. : |bill. |
| 500 | |aPublié aussi en anglais sous le titre : Honey bee producer guide to the National Bee Farm-level Biosecurity Standard. |
| 504 | |aComprend des réf. bibliogr. |
| 520 | 0 |aLa Norme nationale de biosécurité à la ferme pour l’industrie apicole constitue le fondement d’un programme volontaire complet qui vise à fournir des directives aux propriétaires ou aux exploitants des trois principaux secteurs apicoles au Canada : abeille domestique, abeille découpeuse de la luzerne et bourdons. Ce document a été élaboré en partenariat avec des représentants de l’Agence canadienne d’inspection des aliments (ACIA) et du Conseil canadien du miel (CCM) (pour le compte des associations provinciales d’apiculteurs et de producteurs de miel), des apiculteurs provinciaux et l’Association canadienne des professionnels de l’apiculture (ACPA). Le présent guide fournit aux producteurs et éleveurs d’abeilles domestiques des conseils pratiques sur la façon d’atteindre la série d‘objectifs énoncés dans la Norme nationale et des renseignements sur les divers sujets qui y sont abordés. |
| 530 | |aPubl. aussi en version imprimée. |
| 692 | 07|2gccst|aApiculture |
| 692 | 07|2gccst|aSécurité alimentaire |
| 710 | 2 |aAgence canadienne d'inspection des aliments. |
| 775 | 08|tHoney bee producer guide to the National Bee Farm-Level Biosecurity Standard |w(CaOODSP)9.699698 |
| 776 | 0#|tGuide du producteur d'abeilles domestiques - norme nationale de biosécurité à la ferme pour l'industrie apicole |w(CaOODSP)9.685602 |
| 856 | 40|ahttp://publications.gc.ca|qPDF|s2.88 Mo|uhttps://publications.gc.ca/collections/collection_2016/acia-cfia/A104-107-1-2013-fra.pdf |
| 986 | |aACIA P0864F-13 |